[Event "Online Olym Div2 D 2020"]
[Site "chess.com INT"]
[Date "2020.08.15"]
[Round "4.2"]
[Board "3"]
[White "Kanyamarala, Trisha"]
[Black "Guindy, Esmat Susanne"]
[Result "1-0"]
[WhiteTitle "WIM"]
[BlackTitle "WFM"]
[WhiteElo "2193"]
[BlackElo "2131"]
[WhiteTeam "Ireland"]
[BlackTeam "Denmark"]
[WhiteFideId "45004722"]
[BlackFideId "1401637"]
[EventDate "2020.08.14"]
[EventType "team"]

1. d4 d5 2. c4 e6 3. Nc3 Be7 4. cxd5 exd5 5. Bf4 c6 6. Qc2 g6 7. e3 Bf5 8. Bd3
Bxd3 9. Qxd3 Nf6 10. h3 Nbd7 11. Nf3 Qa5 12. O-O O-O 13. Rfe1 Rfe8 14. a3 Qb6
15. Rab1 a5 16. Ne5 Qb3 17. Qd2 Rad8 18. Ne2 a4 19. Nc1 Qb6 20. Ncd3 Ne4 21. Qd1
Nxe5 22. Nxe5 Qa6 23. Bh6 Nd6 24. Qf3 Nf5 25. Bf4 f6 26. Ng4 Kg7 27. Rbd1 Bd6
28. Bh6+ Kf7 29. h4 Re6 30. h5 Be7 31. Bf4 Qb6 32. hxg6+ hxg6 33. Qh3 Rg8 34.
Rb1 Qd8 35. Qh7+ Rg7 36. Nh6+ Nxh6 37. Qxh6 Qg8 38. Qh3 Rh7 39. Qf3 g5 40. Bg3
g4 41. Qf5 Re4 42. Kf1 Qg6 43. Qxg6+ Kxg6 44. Ke2 f5 45. Kd3 Rh8 46. Rh1 Rxh1
47. Rxh1 Bf6 48. Be5 Bxe5 49. f3 gxf3 50. gxf3 Rxe3+ 51. Kxe3 f4+ 52. Kd3 Bg7
53. Rg1+ Kf6 54. Rg4 Bh6 55. Rg8 Bg7 56. Rb8 b5 57. Rb6 Kf5 58. Rxc6 Bf6 59. Rb6
Be7 60. Rxb5 Ke6 61. Ra5 1-0

[Event "Online Olym Div2 D 2020"]
[Site "chess.com INT"]
[Date "2020.08.15"]
[Round "4.2"]
[Board "4"]
[White "Kakulidis, Ellen"]
[Black "O'Gorman, Alice"]
[Result "0-1"]
[WhiteTitle "WCM"]
[WhiteElo "2059"]
[BlackElo "1904"]
[WhiteTeam "Denmark"]
[BlackTeam "Ireland"]
[WhiteFideId "1444972"]
[BlackFideId "2508214"]
[EventDate "2020.08.14"]
[EventType "team"]

1. d4 d5 2. c4 e6 3. Nf3 c6 4. Nbd2 Nf6 5. g3 Nbd7 6. Bg2 Bd6 7. O-O O-O 8. Qc2
Qc7 9. e4 dxe4 10. Nxe4 Nxe4 11. Qxe4 Nf6 12. Qc2 b6 13. c5 Be7 14. Bf4 Qb7 15.
Rfd1 Nd5 16. Bg5 h6 17. Bxe7 Nxe7 18. Ne5 Bd7 19. b4 f6 20. Nc4 Nc8 21. Qe4 Qa6
22. Bf1 b5 23. Na5 Ne7 24. Bd3 Qc8 25. Qh7+ Kf7 26. Be2 f5 27. d5 Rh8 28. dxc6
Bxc6 29. Bh5+ Kf6 30. Qxh8 Qxh8 31. Rd6 Bd5 32. Rd7 g6 33. Be2 a6 34. Rc1 h5 35.
h4 Qe8 36. Rc7 Qd8 37. Rxe7 Qxe7 38. c6 Rc8 39. a3 Qd6 40. Nb7 Qe5 41. Nc5 Qxe2 0-1

[Event "Online Olym Div2 D 2020"]
[Site "chess.com INT"]
[Date "2020.08.15"]
[Round "4.2"]
[Board "5"]
[White "Kanyamarala, Tarun"]
[Black "Bjerre, Jonas Buhl"]
[Result "0-1"]
[WhiteTitle "FM"]
[BlackTitle "GM"]
[WhiteElo "2381"]
[BlackElo "2549"]
[WhiteTeam "Ireland"]
[BlackTeam "Denmark"]
[WhiteFideId "45004714"]
[BlackFideId "1444948"]
[EventDate "2020.08.14"]
[EventType "team"]

1. d4 Nf6 2. Nc3 d5 3. Bf4 c5 4. e3 cxd4 5. exd4 a6 6. Nf3 Nc6 7. Ne5 Bd7 8.
Nxd7 Qxd7 9. Na4 Qd8 10. Be2 e6 11. O-O b5 12. Nc5 Bxc5 13. dxc5 Ne4 14. Qe1 Qf6
15. Be3 Qxb2 16. Bd3 Qc3 17. Bxe4 Qxe1 18. Raxe1 dxe4 19. Bf4 f5 20. f3 e5 21.
Bc1 exf3 22. Rxf3 O-O 23. Bb2 e4 24. Rg3 g6 25. h4 Rad8 26. h5 Kf7 27. hxg6+
hxg6 28. Rh3 Rg8 29. Rh7+ Ke6 30. Rc7 Rc8 31. Rb7 Ne5 32. Rd1 Rxc5 33. Ba3 Rc6
34. Re7+ Kf6 35. Ra7 Nc4 36. Be7+ Ke6 37. Bg5 Re8 38. Rg7 Ke5 39. g3 e3 40. Rdd7
Ke4 41. Kg2 Ne5 42. Rc7 Rc8 43. Rce7 Rxc2+ 44. Kf1 Rc1+ 45. Kg2 R8c2+ 0-1

[Event "Online Olym Div2 D 2020"]
[Site "chess.com INT"]
[Date "2020.08.15"]
[Round "4.2"]
[Board "6"]
[White "van den Brink, Nienke"]
[Black "Mirza, Diana"]
[Result "0-1"]
[BlackTitle "WFM"]
[WhiteElo "1811"]
[BlackElo "1939"]
[WhiteTeam "Denmark"]
[BlackTeam "Ireland"]
[WhiteFideId "1452568"]
[BlackFideId "2503999"]
[EventDate "2020.08.14"]
[EventType "team"]

1. e4 e5 2. Nf3 d6 3. d4 exd4 4. Nxd4 Nf6 5. Nc3 g6 6. Be3 Bg7 7. Qd2 O-O 8.
O-O-O Ng4 9. Bf4 Nc6 10. Nxc6 bxc6 11. Bg3 Be6 12. f3 Ne5 13. Bf4 Re8 14. h4 Qb8
15. Bxe5 Bxe5 16. f4 Bg7 17. h5 Bxa2 18. e5 Be6 19. hxg6 fxg6 20. Qe3 dxe5 21.
fxe5 Bg4 22. Bc4+ Kh8 23. Rxh7+ Kxh7 24. Rh1+ Bh5 25. Qe4 Rxe5 26. Qxc6 Qe8 27.
Rxh5+ Rxh5 0-1

[Event "Online Olym Div2 D 2020"]
[Site "chess.com INT"]
[Date "2020.08.15"]
[Round "4.3"]
[Board "1"]
[White "Saric, Ivan"]
[Black "Solak, Dragan"]
[Result "1/2-1/2"]
[WhiteTitle "GM"]
[BlackTitle "GM"]
[WhiteElo "2646"]
[BlackElo "2594"]
[WhiteTeam "Croatia"]
[BlackTeam "Turkey"]
[WhiteFideId "14508150"]
[BlackFideId "916811"]
[EventDate "2020.08.14"]
[EventType "team"]

1. e4 c6 2. d4 d5 3. e5 Bf5 4. Nf3 e6 5. Be2 Bg6 6. O-O Ne7 7. c3 Nf5 8. Qb3 Qc7
9. g4 Ne7 10. Nh4 h5 11. Nxg6 Nxg6 12. gxh5 Nh4 13. c4 dxc4 14. Qxc4 Be7 15. Nc3
Nd7 16. Bf4 Nb6 17. Qd3 Qd7 18. Rfd1 O-O-O 19. Rac1 Kb8 20. Bg3 Nf5 21. Qe4 Nd5
22. Bg4 g6 23. hxg6 fxg6 24. Bf3 Rdf8 25. Nxd5 cxd5 26. Qe2 Bg5 27. Rc2 Rc8 28.
Rxc8+ Rxc8 29. Bg4 Qa4 30. b3 Qa5 31. h4 Bh6 32. Bxf5 gxf5 33. Qh5 Bd2 34. Qf7
Qxa2 35. Qxe6 f4 36. Bh2 Qc2 37. Qg4 Qh7 38. Bxf4 Bxf4 39. Qxf4 Rg8+ 40. Kh2 Qg6
41. Qg3 Qh7 42. Qf4 Qg6 43. Qg3 Qh7 44. Qf4 1/2-1/2

[Event "Online Olym Div2 D 2020"]
[Site "chess.com INT"]
[Date "2020.08.15"]
[Round "4.3"]
[Board "2"]
[White "Sanal, Vahap"]
[Black "Bosiocic, Marin"]
[Result "1-0"]
[WhiteTitle "GM"]
[BlackTitle "GM"]
[WhiteElo "2581"]
[BlackElo "2606"]
[WhiteTeam "Turkey"]
[BlackTeam "Croatia"]
[WhiteFideId "6300545"]
[BlackFideId "14507927"]
[EventDate "2020.08.14"]
[EventType "team"]

1. e4 d6 2. d4 Nf6 3. Bd3 e5 4. c3 d5 5. dxe5 Nxe4 6. Nf3 Nc6 7. O-O Bg4 8. Re1
Bc5 9. Be3 Bxe3 10. Rxe3 O-O 11. Qc2 Bxf3 12. gxf3 Qg5+ 13. Kh1 f5 14. fxe4 fxe4
15. Bf1 Nxe5 16. Rg3 Qh4 17. Na3 Ng4 18. f3 exf3 19. Bh3 f2 20. Rf1 Nf6 21. Qxf2
Qh6 22. Be6+ Kh8 23. Bxd5 Rad8 24. Bg2 Rd2 25. Qc5 Re8 26. Nc4 Rd7 27. Ne5 b6
28. Qb5 Qh5 29. Rg5 Qh4 30. Nxd7 a6 31. Nxf6 axb5 32. Nxe8 1-0

[Event "Online Olym Div2 D 2020"]
[Site "chess.com INT"]
[Date "2020.08.15"]
[Round "4.3"]
[Board "3"]
[White "Franciskovic, Borka"]
[Black "Atalik, Ekaterina"]
[Result "0-1"]
[WhiteTitle "WIM"]
[BlackTitle "IM"]
[WhiteElo "2250"]
[BlackElo "2450"]
[WhiteTeam "Croatia"]
[BlackTeam "Turkey"]
[WhiteFideId "14507943"]
[BlackFideId "4130189"]
[EventDate "2020.08.14"]
[EventType "team"]

1. c4 e5 2. Nc3 Nf6 3. Nf3 Nc6 4. e4 d6 5. g3 g6 6. Bg2 Bg7 7. O-O O-O 8. d3 Nd7
9. Be3 Nc5 10. Qd2 Ne6 11. Bh6 Ncd4 12. Nxd4 Nxd4 13. Bxg7 Kxg7 14. Ne2 Nxe2+
15. Qxe2 c5 16. a3 a5 17. b3 Bd7 18. Rab1 b5 19. f4 f6 20. cxb5 Bxb5 21. Bh3 Qe7
22. Qc2 Rfb8 23. Rfc1 Be8 24. Qc3 Bf7 25. Rb2 Rb5 26. Bg4 Rab8 27. Bd1 Qa7 28.
Kg2 a4 29. fxe5 fxe5 30. b4 cxb4 31. Rxb4 Rc5 32. Qd2 Rxc1 33. Rxb8 Rxd1 34.
Qxd1 Qxb8 35. Qxa4 Qb2+ 36. Kf3 d5 37. exd5 Bxd5+ 38. Ke3 Qxh2 39. Qd7+ Bf7 40.
Kf3 Qb2 41. Qe7 Qd4 42. Ke2 h6 43. a4 Qxa4 44. Qxe5+ Kh7 45. Qf6 Qa2+ 46. Kf3
Qd5+ 47. Kf2 Qf5+ 48. Qxf5 gxf5 0-1

[Event "Online Olym Div2 D 2020"]
[Site "chess.com INT"]
[Date "2020.08.15"]
[Round "4.3"]
[Board "4"]
[White "Ozturk, Kubra"]
[Black "Medic, Mirjana"]
[Result "1-0"]
[WhiteTitle "WGM"]
[BlackTitle "WGM"]
[WhiteElo "2330"]
[BlackElo "2207"]
[WhiteTeam "Turkey"]
[BlackTeam "Croatia"]
[WhiteFideId "6302599"]
[BlackFideId "14501619"]
[EventDate "2020.08.14"]
[EventType "team"]

1. d4 e6 2. c4 f5 3. Nf3 Nf6 4. g3 d5 5. Bg2 c6 6. O-O Bd6 7. b3 Qe7 8. Bb2 O-O
9. Nbd2 b6 10. Ne5 Bb7 11. Rc1 a5 12. Ndf3 Ne4 13. Nd3 Nd7 14. Nfe5 Rac8 15. f3
Nef6 16. Nxd7 Nxd7 17. e4 e5 18. exf5 exd4 19. Bxd4 c5 20. Bf2 Rxf5 21. Bh3 Rh5
22. Re1 Qd8 23. Be6+ Kh8 24. f4 Rh6 25. cxd5 Rxe6 26. Rxe6 Nf6 27. Ne5 Bxe5 28.
fxe5 Ne4 29. Be3 Bxd5 30. Rxb6 Qxb6 31. Qxd5 Qb4 32. a3 Nc3 33. Qd3 c4 34. Qxc3 1-0

[Event "Online Olym Div2 D 2020"]
[Site "chess.com INT"]
[Date "2020.08.15"]
[Round "4.3"]
[Board "5"]
[White "Livaic, Leon"]
[Black "Gokerkan, Cem Kaan"]
[Result "0-1"]
[WhiteTitle "IM"]
[BlackTitle "IM"]
[WhiteElo "2507"]
[BlackElo "2461"]
[WhiteTeam "Croatia"]
[BlackTeam "Turkey"]
[WhiteFideId "14531534"]
[BlackFideId "6336760"]
[EventDate "2020.08.14"]
[EventType "team"]

1. d4 Nf6 2. c4 e6 3. Nf3 d5 4. Nc3 Be7 5. Bg5 h6 6. Bxf6 Bxf6 7. e3 O-O 8. Qd2
c6 9. O-O-O Nd7 10. Kb1 a5 11. h4 g6 12. e4 dxe4 13. Nxe4 Bg7 14. Bd3 a4 15. a3
Nf6 16. Qf4 b5 17. Nxf6+ Qxf6 18. Qxf6 Bxf6 19. c5 b4 20. Ne5 bxa3 21. bxa3 Bxe5
22. dxe5 Ra5 23. Rc1 Rd8 24. Be4 Ba6 25. Rc3 Rd4 26. Bxc6 Bc4 27. Bf3 Rxc5 28.
Rhc1 Rb5+ 29. Ka1 Bb3 30. h5 Rd2 31. Rc5 Rb6 32. Rc6 Rb5 33. R1c5 Rxc5 34. Rxc5
gxh5 35. Bxh5 Rxf2 36. Bf3 Kg7 37. Kb1 h5 38. Bxh5 Rxg2 39. Ra5 Rg5 40. Be2 Rg1+ 0-1

[Event "Online Olym Div2 D 2020"]
[Site "chess.com INT"]
[Date "2020.08.15"]
[Round "4.3"]
[Board "6"]
[White "Caglar, Sila"]
[Black "Cvitan, Ena"]
[Result "1/2-1/2"]
[WhiteTitle "WIM"]
[BlackTitle "FM"]
[WhiteElo "2250"]
[BlackElo "2242"]
[WhiteTeam "Turkey"]
[BlackTeam "Croatia"]
[WhiteFideId "6364063"]
[BlackFideId "14534215"]
[EventDate "2020.08.14"]
[EventType "team"]

1. e4 c6 2. d4 d5 3. exd5 cxd5 4. c4 Nf6 5. Nc3 Be6 6. Bg5 dxc4 7. Bxf6 exf6 8.
d5 Bf5 9. Bxc4 Bd6 10. Qf3 Bg6 11. Qe2+ Kf8 12. h4 h5 13. Nf3 Nd7 14. O-O a6 15.
Bd3 f5 16. Rfe1 Qf6 17. Qd2 Rd8 18. Rad1 Kg8 19. Ne2 Ne5 20. Ned4 Ng4 21. Qg5
Qxg5 22. hxg5 Bc5 23. Bc4 Kh7 24. Re2 Rhe8 25. Kf1 f4 26. Nh4 Nh2+ 27. Kg1 Ng4
28. Nxg6 Kxg6 29. Kf1 Nh2+ 30. Kg1 Bxd4 31. Rxd4 Rxe2 32. Bxe2 Ng4 33. Rxf4 Rxd5
34. Bxg4 hxg4 35. Rxg4 1/2-1/2

[Event "Online Olym Div2 D 2020"]
[Site "chess.com INT"]
[Date "2020.08.15"]
[Round "4.4"]
[Board "1"]
[White "Hjartarson, Johann"]
[Black "Indjic, Aleksandar"]
[Result "1/2-1/2"]
[WhiteTitle "GM"]
[BlackTitle "GM"]
[WhiteElo "2525"]
[BlackElo "2618"]
[WhiteTeam "Iceland"]
[BlackTeam "Serbia"]
[WhiteFideId "2300044"]
[BlackFideId "911925"]
[EventDate "2020.08.14"]
[EventType "team"]

1. e4 d6 2. d4 Nf6 3. Nc3 Nbd7 4. Nf3 e5 5. Bc4 Be7 6. O-O c6 7. a4 h6 8. Qe2
Qc7 9. Rd1 g5 10. Ba2 Nf8 11. d5 Ng6 12. Be3 Bg4 13. h3 Bd7 14. Nh2 c5 15. Bc4
a6 16. a5 Nf4 17. Qd2 Rg8 18. Na4 Nxe4 19. Qe1 Bxa4 20. Rxa4 f5 21. Ra3 Nf6 22.
b4 cxb4 23. Qxb4 Rc8 24. Bf1 N4xd5 25. Qb3 Nxe3 26. Qxe3 d5 27. Rb3 Bc5 28. Qf3
Qd7 29. Ng4 Nxg4 30. hxg4 fxg4 31. Qxd5 Qxd5 32. Rxd5 Bd4 33. Rxb7 Rg6 34. Bd3
Rf6 35. Rh7 g3 36. Bg6+ Kf8 37. Rh8+ Kg7 38. Rxc8 Kxg6 39. c3 Ba7 40. Rd7 Bxf2+
41. Kf1 Bb6+ 42. Ke1 Bxa5 43. Rc5 Bb6 44. Rxe5 Kh5 45. c4 Bf2+ 46. Ke2 Bg1 47.
c5 Rf2+ 48. Ke1 Rc2 49. Rd6 Bxc5 50. Rxa6 Bb4+ 51. Kf1 Rf2+ 52. Kg1 Rc2 53. Kf1
Bc5 54. Re2 Rc4 55. Rc6 Rf4+ 56. Ke1 Bb4+ 57. Kd1 Bf8 58. Rc3 Kh4 59. Ree3 g4
60. Rxg3 Rf2 61. Ke1 Ra2 62. Kf1 Ra1+ 63. Ke2 Ra2+ 64. Kf1 Ra1+ 65. Ke2 Ra2+ 66.
Kf1 1/2-1/2

[Event "Online Olym Div2 D 2020"]
[Site "chess.com INT"]
[Date "2020.08.15"]
[Round "4.4"]
[Board "2"]
[White "Perunovic, Milos"]
[Black "Kjartansson, Gudmundur"]
[Result "1-0"]
[WhiteTitle "GM"]
[BlackTitle "IM"]
[WhiteElo "2585"]
[BlackElo "2466"]
[WhiteTeam "Serbia"]
[BlackTeam "Iceland"]
[WhiteFideId "921629"]
[BlackFideId "2301318"]
[EventDate "2020.08.14"]
[EventType "team"]

1. e4 c6 2. d4 d5 3. e5 Bf5 4. Nf3 e6 5. Be2 Ne7 6. c3 h6 7. Na3 Nd7 8. Nc2 Bh7
9. O-O c5 10. dxc5 Nxc5 11. Ncd4 Nc6 12. Nxc6 bxc6 13. Nd4 Qc7 14. Bf4 Be7 15.
b4 Nd7 16. Qa4 Rc8 17. Ba6 Nb6 18. Qa5 Nc4 19. Qa4 Nb6 20. Qd1 Ra8 21. Qg4 g5
22. Bg3 Bg6 23. Qe2 Nd7 24. f4 gxf4 25. Bxf4 c5 26. Nb5 Qb6 27. Kh1 c4 28. Qe3
Qc6 29. Bxh6 d4 30. cxd4 Nb6 31. Nc3 Nd5 32. Nxd5 exd5 33. b5 Qd7 34. Bg5 Be4
35. Bxe7 Qxe7 36. Rf4 Qg5 37. Rxe4 Qh5 38. h3 dxe4 39. Bb7 Rd8 40. Bc6+ Kf8 41.
Rf1 Qh6 42. Qxe4 Ke7 43. d5 Rdg8 44. d6+ Kd8 45. Bd7 Kxd7 46. Rxf7+ 1-0

[Event "Online Olym Div2 D 2020"]
[Site "chess.com INT"]
[Date "2020.08.15"]
[Round "4.4"]
[Board "3"]
[White "Ptacnikova, Lenka"]
[Black "Injac, Teodora"]
[Result "0-1"]
[WhiteTitle "WGM"]
[BlackTitle "WIM"]
[WhiteElo "2117"]
[BlackElo "2286"]
[WhiteTeam "Iceland"]
[BlackTeam "Serbia"]
[WhiteFideId "305650"]
[BlackFideId "932400"]
[EventDate "2020.08.14"]
[EventType "team"]

1. e4 e6 2. d4 d5 3. Nd2 c5 4. exd5 exd5 5. Ngf3 a6 6. dxc5 Bxc5 7. Nb3 Bb6 8.
Be2 Nf6 9. Nfd4 O-O 10. Bg5 Qd6 11. g3 Bh3 12. Bf4 Qe7 13. Qd3 Nc6 14. Nxc6 bxc6
15. Be3 c5 16. Nd2 Rfe8 17. c3 c4 18. Qc2 Bxe3 0-1

[Event "Online Olym Div2 D 2020"]
[Site "chess.com INT"]
[Date "2020.08.15"]
[Round "4.4"]
[Board "4"]
[White "Blagojevic, Tijana"]
[Black "Acevedo Mendez, Lisseth"]
[Result "1-0"]
[WhiteTitle "WIM"]
[BlackTitle "WIM"]
[WhiteElo "2194"]
[BlackElo "1845"]
[WhiteTeam "Serbia"]
[BlackTeam "Iceland"]
[WhiteFideId "16500270"]
[BlackFideId "6502938"]
[EventDate "2020.08.14"]
[EventType "team"]

1. e4 e5 2. Nf3 Nc6 3. Nc3 Nf6 4. d4 exd4 5. Nxd4 Bb4 6. Nxc6 bxc6 7. Bd3 d5 8.
exd5 cxd5 9. O-O O-O 10. h3 Be6 11. Qf3 c6 12. Bf4 Re8 13. Ne2 c5 14. c3 Ba5 15.
Ng3 Bc7 16. Bg5 Rb8 17. Nh5 Be5 18. Rfe1 Bc8 19. Bxf6 Qd6 20. Bxe5 Rxe5 21. Rxe5
Qxe5 22. b3 Be6 23. Qg3 Qxg3 24. Nxg3 a5 25. Bf5 Kf8 26. Kf1 Ke7 27. Ke2 a4 28.
Rb1 axb3 29. axb3 Ra8 30. Rb2 Kd6 31. Kd2 Ra1 32. Bxe6 fxe6 33. Ne2 e5 34. b4
Rf1 35. f3 Rf2 36. b5 Kc7 37. b6+ Kb7 38. Rb5 d4 39. cxd4 exd4 40. Rxc5 Rxg2 41.
Kd3 Rh2 42. Rc7+ Kxb6 43. Rxg7 Rxh3 44. Nxd4 h5 45. Ke4 Kc5 46. Rh7 Rh4+ 47. f4
Rh1 48. Nf3 Kd6 49. f5 Ra1 50. Rxh5 Ra4+ 51. Ke3 Ke7 52. Rh6 Kf7 53. Rb6 Ra5 54.
Kf4 Ra1 55. Ne5+ Kf8 56. f6 Rf1+ 57. Kg5 Rg1+ 58. Kf5 Rf1+ 59. Ke6 Kg8 60. Rb8+
Kh7 61. f7 1-0

[Event "Online Olym Div2 D 2020"]
[Site "chess.com INT"]
[Date "2020.08.15"]
[Round "4.4"]
[Board "5"]
[White "Stefansson, Vignir Vatnar"]
[Black "Ivic, Velimir"]
[Result "0-1"]
[WhiteTitle "FM"]
[BlackTitle "GM"]
[WhiteElo "2301"]
[BlackElo "2548"]
[WhiteTeam "Iceland"]
[BlackTeam "Serbia"]
[WhiteFideId "2308649"]
[BlackFideId "950122"]
[EventDate "2020.08.14"]
[EventType "team"]

1. Nc3 c5 2. e4 Nc6 3. Nf3 e5 4. Bc4 Be7 5. d3 d6 6. h3 Nf6 7. Bg5 O-O 8. Bxf6
Bxf6 9. Nd5 Be6 10. c3 g6 11. a3 a6 12. b4 b5 13. Bb3 Bg7 14. Qc1 h6 15. Qb2 Kh7
16. Ne3 Bd7 17. g4 a5 18. bxc5 dxc5 19. a4 b4 20. Bd5 Rb8 21. O-O bxc3 22. Qxc3
Nd4 23. Kg2 f5 24. gxf5 gxf5 25. exf5 Bxf5 26. Nd2 Qg5+ 27. Kh2 e4 28. Qxc5 Qf4+
29. Kg2 Be5 30. Qe7+ Kh8 31. Rh1 Bd7 32. Nxe4 Qf3+ 33. Kg1 Ne2+ 34. Kf1 Qxh1+
35. Kxe2 Rb2+ 36. Nd2 Rxd2+ 37. Kxd2 Rxf2# 0-1

[Event "Online Olym Div2 D 2020"]
[Site "chess.com INT"]
[Date "2020.08.15"]
[Round "4.4"]
[Board "6"]
[White "Srdanovic, Jovana"]
[Black "Haile, Batel Goitom"]
[Result "1/2-1/2"]
[WhiteTitle "WFM"]
[WhiteElo "2144"]
[BlackElo "1587"]
[WhiteTeam "Serbia"]
[BlackTeam "Iceland"]
[WhiteFideId "954810"]
[BlackFideId "2315190"]
[EventDate "2020.08.14"]
[EventType "team"]

1. d4 Nf6 2. Nf3 d5 3. c4 e6 4. Nc3 Be7 5. Bf4 a6 6. cxd5 exd5 7. e3 Nc6 8. h3
Bf5 9. Be2 O-O 10. O-O h6 11. Rc1 Bd6 12. Ne5 Ne7 13. Qb3 Rb8 14. Bf3 Be6 15.
Rfd1 Ng6 16. Nxg6 fxg6 17. Bxd6 Qxd6 18. Qa3 Rfd8 19. Qxd6 Rxd6 20. Na4 c6 21.
Nc5 Bf7 22. b4 Rdd8 23. a4 Re8 24. Rd2 Re7 25. Rb2 Be8 26. Be2 Nd7 27. Rcb1 Nb6
28. Rc1 Bf7 29. b5 axb5 30. axb5 cxb5 31. Rxb5 Nc4 32. Nd3 g5 33. Nb4 Rd7 34.
Bf3 Rbd8 35. Bg4 Re7 36. Nd3 b6 37. Ra1 Be6 38. Bxe6+ Rxe6 39. Nb4 Red6 40. Ra7
R8d7 41. Rxd7 Rxd7 42. Nxd5 Na3 43. Nxb6 Rxd4 44. exd4 Nxb5 45. d5 Nd6 46. Kf1
Kf7 47. Ke2 Kf6 48. Kd3 Ke5 49. g3 g6 50. f3 h5 51. Ke3 Nf5+ 52. Kf2 Ne7 53. Ke3
Nf5+ 54. Kf2 Ne7 55. Ke3 Nf5+ 1/2-1/2

[Event "Online Olym Div2 D 2020"]
[Site "chess.com INT"]
[Date "2020.08.15"]
[Round "4.5"]
[Board "1"]
[White "Henriquez Villagra, Cristobal"]
[Black "Grandelius, Nils"]
[Result "1/2-1/2"]
[WhiteTitle "GM"]
[BlackTitle "GM"]
[WhiteElo "2600"]
[BlackElo "2662"]
[WhiteTeam "Chile"]
[BlackTeam "Sweden"]
[WhiteFideId "3409350"]
[BlackFideId "1710400"]
[EventDate "2020.08.14"]
[EventType "team"]

1. e4 c6 2. d4 d5 3. e5 c5 4. dxc5 e6 5. Nf3 Bxc5 6. a3 a6 7. b4 Ba7 8. Bd3 Ne7
9. O-O Nbc6 10. Qe2 Ng6 11. Bxg6 hxg6 12. Bb2 g5 13. h3 f5 14. exf6 gxf6 15. Rd1
Qe7 16. c4 g4 17. hxg4 e5 18. Qc2 e4 19. Ng5 Qc7 20. Nh3 Rxh3 21. gxh3 Qg3+ 22.
Kf1 Qxh3+ 23. Ke1 Bxg4 24. Rxd5 Bf3 25. Nd2 Bxf2+ 26. Kxf2 Qh2+ 27. Ke3 Qh6+ 28.
Kf2 Qh2+ 29. Ke3 Qh6+ 30. Kf2 Qh2+ 1/2-1/2

[Event "Online Olym Div2 D 2020"]
[Site "chess.com INT"]
[Date "2020.08.15"]
[Round "4.5"]
[Board "2"]
[White "Blomqvist, Erik"]
[Black "Salinas Herrera, Pablo"]
[Result "1-0"]
[WhiteTitle "GM"]
[BlackTitle "GM"]
[WhiteElo "2537"]
[BlackElo "2514"]
[WhiteTeam "Sweden"]
[BlackTeam "Chile"]
[WhiteFideId "1709437"]
[BlackFideId "3407128"]
[EventDate "2020.08.14"]
[EventType "team"]

1. e4 e5 2. Nf3 Nc6 3. Bb5 a6 4. Ba4 d6 5. O-O Bd7 6. c3 g6 7. d4 Bg7 8. dxe5
Nxe5 9. Nxe5 dxe5 10. Bg5 Bxa4 11. Qxa4+ Qd7 12. Qb4 Qb5 13. Qxb5+ axb5 14. Na3
Ra5 15. c4 bxc4 16. Nxc4 Ra6 17. Rfd1 f6 18. Be3 Ne7 19. b4 Ra4 20. a3 Nc8 21.
Rac1 O-O 22. Rd3 b6 23. f3 Ra7 24. Rd7 Rf7 25. Rd8+ Rf8 26. Rcd1 Nd6 27. Bxb6
Rxd8 28. Bxa7 Ra8 29. Nxd6 cxd6 30. Bb6 Rxa3 31. Rxd6 Bf8 32. Rxf6 Bxb4 33. Rc6
Ra6 34. Rc8+ Kf7 35. Be3 Ra1+ 36. Kf2 Ra2+ 37. Kg3 h5 38. Rc7+ Ke6 39. Rc6+ Kf7
40. Rb6 Be1+ 41. Kh3 Bc3 42. Bc5 g5 43. Rh6 g4+ 44. fxg4 hxg4+ 45. Kg3 Be1+ 46.
Kxg4 Rxg2+ 47. Kf5 Bd2 48. Rh7+ Kg8 49. Rh5 Bf4 50. h3 Rg7 51. Bd6 Rf7+ 52. Ke6
Rg7 53. Bxe5 Bxe5 54. Kxe5 Kf7 55. Rf5+ Ke7 56. h4 Rg4 57. Rh5 Kf7 58. Kf5 Rg1
59. Rh7+ Kg8 60. Ra7 Rh1 61. Kg6 Rg1+ 62. Kf6 Rf1+ 63. Ke7 Rh1 64. e5 Rxh4 65.
Ra8+ Kg7 66. Ra1 Kg6 67. e6 Rb4 68. Rg1+ Kf5 69. Kf7 Rb6 70. Rf1+ Ke5 71. e7 1-0

[Event "Online Olym Div2 D 2020"]
[Site "chess.com INT"]
[Date "2020.08.15"]
[Round "4.5"]
[Board "3"]
[White "Abarca Gonzalez, Damaris"]
[Black "Cramling, Pia"]
[Result "1/2-1/2"]
[WhiteTitle "WFM"]
[BlackTitle "GM"]
[WhiteElo "2047"]
[BlackElo "2464"]
[WhiteTeam "Chile"]
[BlackTeam "Sweden"]
[WhiteFideId "3409414"]
[BlackFideId "1700030"]
[EventDate "2020.08.14"]
[EventType "team"]

1. e4 c5 2. Nc3 Nc6 3. g3 g6 4. Bg2 Bg7 5. d3 d6 6. Be3 e5 7. Qd2 Nge7 8. f4 O-O
9. Nf3 Nd4 10. O-O Bg4 11. Rae1 exf4 12. Bxf4 Qd7 13. Kh1 Nxf3 14. Bxf3 Bxf3+
15. Rxf3 d5 16. Bh6 Rae8 17. Bxg7 Kxg7 18. Qf2 d4 19. Rf1 Nc6 20. Nd5 f5 21. g4
Ne5 22. gxf5 Nxf3 23. Qxf3 gxf5 24. exf5 Kh8 25. c4 Re5 26. f6 Qf7 27. Qf4 Rh5
28. Rg1 Rxd5 29. cxd5 Qxd5+ 30. Rg2 Rg8 31. Qe4 Qxe4 32. dxe4 Rxg2 33. Kxg2 Kg8
34. Kf3 Kf7 35. e5 c4 36. Ke4 d3 37. Ke3 Ke6 1/2-1/2

[Event "Online Olym Div2 D 2020"]
[Site "chess.com INT"]
[Date "2020.08.15"]
[Round "4.5"]
[Board "4"]
[White "Agrest, Inna"]
[Black "Morales Flores, Monserrat"]
[Result "1-0"]
[WhiteTitle "WIM"]
[BlackTitle "WCM"]
[WhiteElo "2284"]
[BlackElo "1974"]
[WhiteTeam "Sweden"]
[BlackTeam "Chile"]
[WhiteFideId "1708830"]
[BlackFideId "3412016"]
[EventDate "2020.08.14"]
[EventType "team"]

1. e4 c5 2. Nf3 e6 3. d4 cxd4 4. Nxd4 a6 5. Bd3 g6 6. O-O Bg7 7. c3 Ne7 8. a4
O-O 9. a5 d5 10. Bg5 f6 11. Be3 e5 12. Nb3 Kh8 13. Bc5 Nbc6 14. N1d2 f5 15. exd5
Qxd5 16. Bc4 Qd8 17. Nf3 Qxd1 18. Raxd1 Bf6 19. Rfe1 e4 20. Nfd4 Ne5 21. Bf1 Rd8
22. f3 Nd5 23. fxe4 fxe4 24. Rxe4 Bg4 25. Rde1 Nc6 26. h3 Nxd4 27. Nxd4 Bf5 28.
Nxf5 gxf5 29. Re6 Kg7 30. c4 Nf4 31. Rb6 Rd7 32. Rd6 Rc7 33. b4 Be7 34. Bd4+ Kg8
35. Rb6 Rd8 36. Be5 1-0